Billboard Hot 100 #1 Hits of 2009 - Statistics

General Stats
  • This quiz has been taken 15 times
  • The average score is 33 of 52
Answer Stats
Issue Date #1 Hit Artist % Correct
January 3 Single Ladies (Put a Ring on It) Beyoncé
92%
January 10 Single Ladies (Put a Ring on It) Beyoncé
92%
July 11 I Gotta Feeling The Black Eyed Peas
83%
July 18 I Gotta Feeling The Black Eyed Peas
83%
July 25 I Gotta Feeling The Black Eyed Peas
83%
August 1 I Gotta Feeling The Black Eyed Peas
83%
August 8 I Gotta Feeling The Black Eyed Peas
83%
August 15 I Gotta Feeling The Black Eyed Peas
83%
August 22 I Gotta Feeling The Black Eyed Peas
83%
August 29 I Gotta Feeling The Black Eyed Peas
83%
September 5 I Gotta Feeling The Black Eyed Peas
83%
September 12 I Gotta Feeling The Black Eyed Peas
83%
September 19 I Gotta Feeling The Black Eyed Peas
83%
September 26 I Gotta Feeling The Black Eyed Peas
83%
October 3 I Gotta Feeling The Black Eyed Peas
83%
October 10 I Gotta Feeling The Black Eyed Peas
83%
January 17 Just Dance Lady Gaga ft. Colby O'Donis
83%
January 24 Just Dance Lady Gaga ft. Colby O'Donis
83%
January 31 Just Dance Lady Gaga ft. Colby O'Donis
83%
April 11 Poker Face Lady Gaga
83%
November 7 Fireflies Owl City
75%
November 21 Fireflies Owl City
75%
October 17 Down Jay Sean ft. Lil Wayne
58%
October 31 Down Jay Sean ft. Lil Wayne
58%
November 28 Empire State of Mind Jay-Z ft. Alicia Keys
58%
December 5 Empire State of Mind Jay-Z ft. Alicia Keys
58%
December 12 Empire State of Mind Jay-Z ft. Alicia Keys
58%
December 19 Empire State of Mind Jay-Z ft. Alicia Keys
58%
December 26 Empire State of Mind Jay-Z ft. Alicia Keys
58%
April 18 Boom Boom Pow The Black Eyed Peas
50%
April 25 Boom Boom Pow The Black Eyed Peas
50%
May 2 Boom Boom Pow The Black Eyed Peas
50%
May 9 Boom Boom Pow The Black Eyed Peas
50%
May 16 Boom Boom Pow The Black Eyed Peas
50%
May 23 Boom Boom Pow The Black Eyed Peas
50%
May 30 Boom Boom Pow The Black Eyed Peas
50%
June 6 Boom Boom Pow The Black Eyed Peas
50%
June 13 Boom Boom Pow The Black Eyed Peas
50%
June 20 Boom Boom Pow The Black Eyed Peas
50%
June 27 Boom Boom Pow The Black Eyed Peas
50%
July 4 Boom Boom Pow The Black Eyed Peas
50%
February 28 Right Round Flo Rida
50%
March 7 Right Round Flo Rida
50%
March 14 Right Round Flo Rida
50%
March 21 Right Round Flo Rida
50%
March 28 Right Round Flo Rida
50%
April 4 Right Round Flo Rida
50%
October 24 3 Britney Spears
33%
February 7 My Life Would Suck Without You Kelly Clarkson
33%
February 14 My Life Would Suck Without You Kelly Clarkson
33%
November 14 Whatcha Say Jason Derulo
33%
February 21 Crack a Bottle Eminem, Dr. Dre, & 50 Cent
17%
No matching quizzes found
Score Distribution
Percent of People with Each Score
Percentile by Number Answered
Your Score History
You have not taken this quiz